000
00299nam a22001337a 4500
008
170606b xxu||||| |||| 00| 0 eng d
020
_a
9780830415700
041
_a
eng
080
_a
338
100
_a
18
101
_a
SHP
245
_a
INTRODUCTION TO GLOBALIZATION
_c
DIERKS,R.G
942
_2
udc
_c
BK
999
_c
16175
_d
16175